000 00444nam a22001817a 4500
003 LK-CoDNM
005 20250219110253.0
008 250219b |||||||| |||| 00| 0 eng d
040 _aLK-CoDNM
_dLK-CoDNM
_eLK-CoDNM
041 _aeng
080 _aRC
_b420
100 _aRoloff Benny
245 _aIsland Ceylon
260 _aLondon
_bThames and Hudson Ltd.
_c1970
300 _a224p : ill ; map ; 35 cm
650 _aCeylon
942 _cBK
999 _c238182
_d238182